| 000 | 00843nam a2200217Ia 4500 | ||
|---|---|---|---|
| 999 |
_c38269 _d38269 |
||
| 001 | 4273 | ||
| 003 | GE_BSU | ||
| 005 | 20191011141303.0 | ||
| 008 | 181216s1993||||ge |||||||||||||| ||geo|| | ||
| 040 | _cGE_BSU | ||
| 041 | _ageo | ||
| 080 | _a37.01(437)(092)+37.01(479.22) ბ-65 | ||
| 100 |
_aბიბილეიშვილი, იური _9800 |
||
| 245 |
_aქართული კომენიოლოგია : _bნ.1 / _cრედ. ალ. გობრონიძე. |
||
| 264 |
_aბათუმი : _bმეცნიერება, _c1993. |
||
| 300 |
_a200 გვ. ; _b20 სმ. |
||
| 653 | _aკომენსკი, იან ამოს; | ||
| 653 | _aქართული პედაგოგიკა; | ||
| 700 |
_aგობრონიძე, ალ. _eრედაქტორი _94660 |
||
| 942 |
_cBK _2udc |
||